| 000 | 00000nam##2200000za#4500 |
| 001 | 9.580515 |
| 003 | CaOODSP |
| 005 | 20210624191057 |
| 007 | cr ||||||||||| |
| 008 | 150406|1984||||xxc|||||o f|0| 0 eng|d |
| 040 | |aCaOODSP|beng |
| 043 | |an-cn--- |
| 086 | 1 |aFs97-14/149-1984E-PDF |
| 110 | 1 |aCanada. |bDepartment of Fisheries and Oceans. |
| 245 | 10|aStructure and price determination in Maritimes port markets : |h[electronic resource]|ba study of fishermen/buyer relations / |cby Charles Steinberg. |
| 260 | |aOttawa - Ontario : |bFisheries and Oceans Canada |c1984. |
| 300 | |a64p. |
| 490 | 1 |aCanadian industry report of fisheries and aquatic sciences|vNo. 149 |
| 500 | |aFile reproduced from original print. On t. p. : Economic and Commercial Analysis Directorate, Ottawa, Ontario. The catalogue number and ISSN for the print edition appear in the PDF version. |
| 546 | |a(Résumé en français.) |
| 590 | |a14-15-Supp|b2014-09-04 |
| 720 | 1 |aSteinberg, Charles |
| 775 | 08|tDétermination des prix et structure des marchés portuaires des provinces Maritimes : |w(CaOODSP)9.607436 |
| 830 | #0|aCanadian industry report of fisheries and aquatic sciences ;|vNo. 149|w(CaOODSP)9.505199 |
| 856 | 40|ahttp://publications.gc.ca|qPDF|s625 KB|uhttps://publications.gc.ca/collections/collection_2014/mpo-dfo/Fs97-14-149-1984-eng.pdf|yNo. 149 |